[Event "EU-Cup 24th"]
[Site "Kallithea"]
[Date "2008.10.19"]
[Round "3"]
[White "Eljanov, Pavel"]
[Black "Milov, Vadim"]
[Result "1-0"]
[WhiteElo "2720"]
[BlackElo "2681"]
[Annotator "Eljanov,P"]
[PlyCount "103"]
[EventDate "2008.10.17"]
[EventType "team-swiss"]
[EventRounds "7"]
[EventCountry "GRE"]
[SourceTitle "CBM 127"]
[Source "ChessBase"]
[SourceDate "2008.11.13"]
[SourceVersion "1"]
[SourceVersionDate "2008.11.13"]
[SourceQuality "1"]
[WhiteTeam "Ashdod Illit "]
[BlackTeam "Alkaloid"]
[WhiteTeamCountry "ISR"]
[BlackTeamCountry "MKD"]

1. d4 d5 2. c4 c6 3. Nf3 Nf6 4. Nc3 a6 5. a4 $5 {I have never trusted in this
move very much, but from time to time my priorities vary.} e6 6. Bg5 a5 7. e3
Na6 8. Be2 ({It was not great pleasure for me to go to position which was lost
by Pono:} 8. Bd3 Nb4 9. e4 dxe4 10. Nxe4 Be7 11. Nxf6+ gxf6 12. Bh4 e5 13. O-O
Be6 14. Re1 Qc7 15. Qb1 O-O-O 16. Bf5 Bxf5 17. Qxf5+ Qd7 18. Qb1 Rhg8 19. Bg3
exd4 20. Nxd4 Bc5 21. Nb3 Ba7 22. c5 Nd3 23. Re3 Qd5 24. Qf1 Qxb3 25. Rd1 Qxd1
26. Qxd1 Nxb2 27. Qf1 Rd1 28. Re1 Rxe1 29. Qxe1 Rd8 30. Bd6 Bxc5 31. Bxc5 Rd1
32. Qxd1 Nxd1 33. Bd4 b5 34. axb5 cxb5 35. Kf1 b4 36. Ke2 Nc3+ 37. Kd3 f5 38.
Bb6 a4 39. Bc5 Na2 40. Kc4 a3 41. Bd4 Kd7 42. Kb3 Nc1+ 43. Kxb4 a2 44. Ba1 Nd3+
45. Kb3 Nxf2 46. Kxa2 Ng4 47. Kb3 Ke6 48. Kc3 Nxh2 49. Kd3 Ng4 50. Bc3 Kd5 51.
Ba5 Ne5+ 52. Ke2 f4 53. Bc7 Ke4 54. Kf2 h5 55. Bd6 Ng6 56. Bc7 Nf8 57. Bd6 Ne6
58. Be7 Kf5 59. Kf3 Ng5+ 60. Kf2 Kg4 61. Bd8 Ne4+ 62. Kg1 f3 63. gxf3+ Kxf3 64.
Kh2 Kg4 65. Bb6 f5 66. Bd4 h4 67. Bb6 Ng3 68. Bc5 f4 69. Kg2 Nf5 70. Bb4 Ne3+
71. Kh2 h3 72. Kg1 Kg3 73. Bd2 Kf3 74. Ba5 Ke2 75. Bc7 f3 76. Bg3 Nf5 {0-1
Ponomariov,R (2705)-Wang Hao (2643)/Khanty-Mansiysk RUS 2007/The Week in Chess
682}) 8... Be7 9. O-O O-O 10. Qb3 Nb4 11. Na2 $5 {The latest fashion!} Na6 $6 {
A very strange move.} ({especially considering that other games of Wang Hao
testify that White does not have anything special} 11... Nxa2 12. Qxa2 Nd7 13.
Bxe7 Qxe7 14. Rfc1 dxc4 15. Bxc4 e5 16. Qa3 Qxa3 17. bxa3 exd4 18. Nxd4 g6 (
18... Re8 19. Rab1 g6 20. Be2 Kf8 21. Rc3 Re5 22. f3 f5 23. Kf2 Ke7 24. Nb3 Nb6
25. Nc5 Nd5 26. Rcb3 b6 27. f4 Nxf4 28. exf4 Rxc5 29. Rxb6 Rc2 30. Kf1 Be6 31.
Bf3 Rc8 32. Rb7+ Kf6 33. Ra7 h6 34. Rxa5 g5 35. fxg5+ hxg5 36. h3 Rd8 37. Re1
Rdd2 38. Rae5 Bd5 39. Bxd5 Rf2+ 40. Kg1 cxd5 {1/2 Moradiabadi,E (2499)-Wang
Hao (2696)/Beijing CHN 2008/The Week in Chess 728}) 19. f3 Rd8 20. Rab1 Kf8 21.
Kf2 Ke7 22. g4 Nc5 23. Be2 Rd5 24. Rc4 Nd7 25. e4 Rc5 26. Rcc1 h5 27. h3 hxg4
28. hxg4 Rxc1 29. Rxc1 Nf8 30. f4 Ne6 31. Ke3 Nxd4 32. Kxd4 Bd7 33. Rb1 b5 34.
axb5 cxb5 35. Bxb5 Rb8 36. a4 Bxg4 37. Rc1 Rd8+ 38. Ke3 Rc8 39. Rxc8 {1/2
Onischuk,A (2670)-Wang Hao (2691)/Poikovsky 2008/CBM 125}) 12. Ne5 $1 {The
plan is simple: Bd3, f4 and White's initiative has become very annoying.} Ne4
13. Bxe7 Qxe7 14. Qc2 ({There is no point in sacrificing:} 14. Bd3 Nd2 15. Qc2
({It`s a pity but} 15. Bxh7+ {does not work:} Kxh7 16. Qc2+ Ne4 17. f3 f6)
15... Nxf1 16. Bxh7+ Kh8 17. Rxf1 $44) 14... f6 15. Nf3 Bd7 ({The principled
move is} 15... e5 {but analysis show that Black does not achieve full equality}
16. Bd3 exd4 17. exd4 Bf5 18. Nh4 Be6 19. cxd5 (19. f3 f5 20. cxd5 cxd5 21.
fxe4 Qxh4 22. g3 Qf6 23. e5 $14) 19... cxd5 20. Bxe4 dxe4 21. Qxe4 $14 {
however it was a lesser evil in my opinion}) 16. Bd3 f5 17. Ne5 c5 $6 {
Probably a blunder, but the black position is unpleasant already.} (17... Be8
18. c5 $14 {/+/-}) 18. cxd5 exd5 19. f3 Ng5 (19... Nd6 20. Bxa6 Rxa6 21. Qxc5
Rc8 22. Qa3 Qe6 23. b3 Nf7 24. Nxd7 Qxd7 25. Rac1 $16) 20. h4 Ne6 (20... cxd4
21. Nxd7 Qxd7 22. hxg5 dxe3 23. Rac1 $16) 21. Bxf5 g6 22. Bxe6+ Bxe6 23. Qf2
$16 Rac8 24. Rac1 Nb4 25. Nxb4 axb4 26. dxc5 Rxc5 27. Rxc5 Qxc5 28. Nd3 Qc4 29.
Nf4 Bf7 30. Qd2 ({I calculated a pawn sacrifice to get my knight to d4} 30. Ne2
$5 Qb3 31. Nd4 Qxa4 32. Rc1 {White is dominating. But at the end, "greediness"
took over!}) 30... b3 31. Rc1 Qxa4 32. h5 $1 gxh5 33. Nxd5 Qh4 34. Rd1 Rc8 35.
Nc3 Qe7 36. Qd4 Rc6 37. e4 h4 38. e5 Bg6 39. f4 Qc5 40. Nd5 $1 {The last
precise move.} ({Rybka's priority is:} 40. Qxc5 Rxc5 41. Rd8+ Kf7 42. Rd7+ Ke6
43. Rxb7 Rc4 44. Rb6+ Kf5 45. e6 Kxf4 $132 {but I have major doubts as to
whether it is the most precise way.}) 40... Kf7 (40... Qxd4+ 41. Rxd4 Rc2 (
41... Rc1+ 42. Kh2 Kf7 43. Rb4 $18) 42. f5 $18) 41. Ne3 Qxd4 42. Rxd4 Rc1+ 43.
Rd1 $1 Rxd1+ 44. Nxd1 Be4 45. Ne3 Kg6 46. Kh2 Kh5 47. Kh3 b5 48. e6 Bb7 49. e7
Bc8+ 50. g4+ hxg3+ 51. Kxg3 Bd7 52. Ng4 1-0

[Event "Vienna Bawag"]
[Site "Vienna"]
[Date "1996.??.??"]
[Round "7"]
[White "Chernin, Alexander"]
[Black "Stefanova, Antoaneta"]
[Result "1-0"]
[WhiteElo "2595"]
[BlackElo "2370"]
[Annotator "Engqvist"]
[PlyCount "43"]
[EventDate "1996.05.??"]
[EventType "tourn"]
[EventRounds "9"]
[EventCountry "AUT"]
[EventCategory "9"]
[SourceTitle "CBM 054"]
[Source "ChessBase"]
[SourceDate "1996.10.01"]
[SourceVersion "1"]
[SourceVersionDate "1996.10.01"]
[SourceQuality "1"]

1. c4 {Ftacnik} c6 2. d4 d5 3. Nf3 Nf6 4. Nc3 Qb6 {Suechting's variation.} 5.
e3 (5. Qc2 Bg4 (5... Na6 6. a3 g6 7. e4 dxe4 8. Nxe4 Nxe4 9. Qxe4 Bg7 10. b4
Bf5 11. Qe3 Rd8 12. c5 Qc7 13. Bc4 Qd7 14. Bb2 Nc7 15. Ne5 Nd5 16. Qg3 Qc7 17.
O-O $14 {Ink'ov-Skembris/Sofia/1986}) 6. c5 Qc7 7. Ne5 Nbd7 8. h3 $1 Bh5 9. Bf4
Nxe5 10. Bxe5 Qd7 11. e3 Bg6 12. Bd3 e6 13. b4 Be7 14. O-O O-O 15. a4 $14 {
()<< Taborov-Lazarycev/SSSR/1985}) (5. cxd5 cxd5 6. a3 Nc6 7. Bf4 $14 {- D13/3}
) (5. c5 Qc7 6. g3 Nh5 (6... Bf5 7. Bf4 Qc8 $14) 7. e4 $14 dxe4 8. Ne5 g6 9.
Bc4 e6 10. Nxe4 Nd7 11. f4 $16 {Kostic-Balogh/Gyula/1921}) (5. Qb3 Bf5 (5... e6
{- D43/1}) (5... Na6 6. c5 Qxb3 7. axb3 Ne4 (7... Bf5 8. e4 $1 Nxe4 9. Bxa6
bxa6 10. Ne5 Nxc3 11. bxc3 Bc2 12. Ra3 Rc8 13. Kd2 $16 {Portisch-Gheorghiu/
Hamburg/1965}) (7... Nb4 8. Ra4 $16 {Chernin}) 8. e3 f6 9. Bxa6 bxa6 10. Nxe4
dxe4 11. Nd2 Rb8 12. Ra3 $1 $16 {Gheorghiu-Bellon Lopez/Espana/1980 - 30/559})
6. c5 Qc7 (6... Qxb3 7. axb3 Nfd7 8. Bf4 f6 9. e3 $1 e5 10. Bg3 g6 11. b4 Bg7
12. b5 Bg4 13. bxc6 bxc6 14. Be2 $16 {Miles-Bellon Lopez/Las Palmas/1980 - 29/
472}) 7. Bf4 Qc8 8. h3 $14 {Chernin}) 5... Bf5 {Chernin's own suggestion in
the Encyclopedia of Chess openings.} (5... Bg4 6. h3 (6. Qb3 Bxf3 7. gxf3 e6 8.
Bd2 Nbd7 9. cxd5 exd5 10. Bd3 Be7 {Bernstein-Kostic/New York/1917} 11. Qxb6
axb6 12. e4 $14 {Trifunovic [+]^^}) 6... Bxf3 7. Qxf3 e6 8. Bd3 Nbd7 9. O-O Be7
10. Qg3 O-O 11. c5 Qd8 12. b4 $14 {()<< Marshall-Kostic/New York/1917}) 6. Ne5
$14 (6. cxd5 {Ftacnik} cxd5 7. Ne5 (7. Bb5+ Bd7 8. Bd3 e6 9. a3 Bd6 10. Bd2 Nc6
11. b4 Rc8 12. Qb3 Na5 13. Qa2 Nc4 14. Bxc4 Rxc4 15. e4 Bf4 16. Bxf4 Rxc3 17.
e5 Ne4 18. O-O O-O {1/2-1/2 Zawadski,S-Bibikoff/FRA-chT/1989/ (28)}) (7. Na4
Qc7 8. Bd2 Bc2 9. Qc1 Nbd7 10. Bd3 Rc8 11. Qxc2 Qxc2 12. Bxc2 Rxc2 13. O-O Ne4
14. Rfc1 Rxc1+ 15. Rxc1 Kd8 16. Be1 e6 17. Ne5 Nxe5 18. dxe5 b6 19. b4 f6 20.
f3 Ng5 21. exf6 gxf6 22. a3 {1-0 Makogonov,V-Rauzer,V/URS-ch05 Moscow (20)/
1927/ (41)}) 7... e6 8. Bb5+ (8. g4 Bg6 9. h4 h5 10. Nxg6 fxg6 11. g5 Ng8 12.
Qd3 Ne7 13. Qb5+ Qxb5 14. Nxb5 Kd7 15. Bd2 Nbc6 16. Rc1 Nf5 17. Bd3 Rc8 18. Nc3
Bd6 19. Na4 Ke7 {1/2-1/2 Weindl,A-Fioramonti,H/Geneve op (08)/1995/ (28)}) 8...
Nc6 9. g4 Bg6 10. h4 Ne4 11. Qa4 Nxc3 12. bxc3 Rc8 13. h5 Be4 14. f3 f6 15.
Nxc6 bxc6 16. Be2 Bb1 17. Qb3 Qxb3 18. axb3 Bc2 19. Rxa7 Bxb3 20. Bd3 Rb8 {
Wang Lei-Stefanova,A/Kishinev ztW (01)/1995/1/2-1/2 (41)}) 6... h6 (6... e6 7.
g4 Bg6 8. h4 {XLg6} Ne4 {Ftacnik} 9. h5 Nxc3 10. bxc3 Be4 11. f3 f6 12. Nd3
Bxd3 13. Bxd3 Qc7 14. Qc2 Nd7 15. Kf2 O-O-O 16. cxd5 cxd5 17. c4 dxc4 18. Qxc4
Qxc4 19. Bxc4 e5 20. Bb2 exd4 {1/2-1/2 Lukacs,P-Varga,Zo/Budapest ExpFS/1992/})
7. g4 Bh7 8. cxd5 Nxd5 $2 (8... cxd5 9. Qa4+ Nc6 10. Bb5 Rc8) 9. Nxd5 cxd5 10.
Qa4+ Nc6 11. Bd2 e6 (11... Qxb2 12. Rc1 (12. Rc1 {Ftacnik} Qb6 13. Nxc6 $18))
12. Rc1 Rc8 13. b3 $1 $18 {/\14Ba5} (13. Bb5 $16) 13... a6 (13... f6 {Ftacnik}
14. Ba5 (14. Nxc6 bxc6 15. Ba6 Rc7 16. Ba5 $16) 14... Qxa5+ 15. Qxa5 Nxa5 16.
Rxc8+ Ke7 17. Nd3 $16) 14. Ba5 {Ftacnik: The dubious exchange of the knight on
d5 have given white more freedom for the attack. Black have lost the fight for
the control of the crucial c6 point.} Qa7 15. Nxc6 b5 (15... bxc6 {Ftacnik} 16.
Rxc6 Rxc6 17. Qxc6+ Ke7 18. Bxa6 $18) 16. Bxb5 (16. Nxa7 $2 {Ftacnik} Rxc1+ 17.
Kd2 Rc2+ 18. Kd1 bxa4 $19) 16... axb5 17. Qxb5 Qd7 18. O-O Ba3 (18... Bd6 {
Ftacnik} 19. Ne5 Qxb5 20. Rxc8+ Ke7 21. Rxh8 Bxe5 22. Bd8+ Kd7 23. dxe5 $16)
19. Ne5 $1 {Ftacnik: White can afford to win with the music.} Qxb5 20. Rxc8+
Ke7 21. Rxh8 Be4 (21... Qxa5 $2 {Ftacnik} 22. Nc6+ $18) 22. Rb8 $1 (22. Rb8 $1
Qa6 (22... Qxb8 23. Nc6+ $18) 23. Bd8+ $18 (23. Bd8+ {Ftacnik} Kd6 24. Rb6+ $18
)) 1-0

[Event "Sigeman & Co 04th"]
[Site "Malmo"]
[Date "1996.??.??"]
[Round "3"]
[White "Hansen, Curt"]
[Black "Hellsten, Johan"]
[Result "1-0"]
[WhiteElo "2615"]
[BlackElo "2475"]
[Annotator "Engqvist"]
[PlyCount "97"]
[EventDate "1996.06.??"]
[EventType "tourn"]
[EventRounds "9"]
[EventCountry "SWE"]
[EventCategory "12"]
[SourceTitle "CBM 054"]
[Source "ChessBase"]
[SourceDate "1996.10.01"]
[SourceVersion "1"]
[SourceVersionDate "1996.10.01"]
[SourceQuality "1"]

1. c4 {Baburin} c6 2. d4 d5 3. Nc3 Nf6 4. Nf3 a6 5. c5 {><b6} Nbd7 (5... g6 6.
Bf4 Bg7 7. h3 O-O 8. e3 Nbd7 9. Rc1 Ne8 10. Be2 {Kasparov}) 6. Bf4 Nh5 7. Bd2 (
7. e3) 7... g6 8. e4 $1 (8. e3) (8. Qc1 {/\Bh6}) 8... dxe4 9. Nxe4 Ndf6 (9...
Bg7) 10. Nxf6+ exf6 $6 (10... Nxf6 11. Bc4 Nd5 12. h3 $5 h6 $6 (12... Bg7 13.
O-O O-O $14) 13. Qb3 $5 (13. O-O Bg7 14. b4 {/\a4,b5}) 13... Bg7 14. O-O O-O
15. Rfe1 e6 16. Rad1 Qc7 17. Ne5 $16 {Renman-Engqvist/Sweden/1993}) 11. Bc4 $14
{׫} Qe7+ 12. Be3 Ng7 13. O-O Be6 14. Bxe6 Nxe6 15. d5 $16 cxd5 16. Qxd5 Qd7 (
16... Rd8 17. Qc4 Bg7 (17... Nxc5 $4 18. Bxc5 Qxc5 19. Rfe1+ Kd7 20. Qxf7+ $18)
18. b4 O-O 19. a4 $16) 17. Rad1 (17. Rfd1) 17... Qxd5 18. Rxd5 {Baburin:
Simplification favours White, as he is getting closer to his aim - a winning
pawn endgame.} Be7 19. b4 Rc8 20. Rfd1 Rc7 (20... a5 21. a3 axb4 22. axb4 b6
23. cxb6 Bxb4 24. b7 Rb8 25. Rb5 $18) 21. Nd2 $1 f5 22. Nc4 O-O 23. g3 Kg7 24.
Kg2 Rd8 25. Rxd8 Bxd8 26. a4 Be7 27. Kf1 Kf8 28. Ke2 Ke8 29. Rd5 Rd7 30. Rxd7
Kxd7 31. Kd3 Kc7 32. Nb6 $1 {This is a very instructive game. White shows how
to win with a pawn majority on the Q wing. It does not matter that the K
prevents the pawns to expand because Black has problems with the strong N on
b6 and the white K.} Bg5 33. f4 $18 (33. Bxg5 $2 Nxg5 $132) 33... Bd8 34. Kc4
h5 35. h4 Be7 (35... f6 {/\g5} 36. Kd5) 36. b5 Bf8 37. Bd4 axb5+ 38. axb5 Nxd4
$5 39. Kxd4 Bg7+ 40. Kd3 (40. Kc4) 40... Bf8 41. Kc4 Bg7 42. Nd5+ Kd7 43. Nb4
Ba1 (43... Bf8) 44. b6 Bf6 45. Kb5 Be7 46. c6+ bxc6+ 47. Nxc6 Bd6 48. b7 Ke6
49. Kc4 $1 (49. b8=Q Bxb8 50. Nxb8 Kd5 51. Nc6 Ke4 52. Ne5 Ke3 53. Nxf7 Kf3 54.
Nh8 Kxg3 55. Nxg6 $18) 1-0

[Event "ISR-ch"]
[Site "Ramat Aviv"]
[Date "2004.09.21"]
[Round "3"]
[White "Gerzhoy, Leonid"]
[Black "Erenburg, Sergey"]
[Result "0-1"]
[WhiteElo "2376"]
[BlackElo "2533"]
[Annotator "Erenburg,S"]
[PlyCount "176"]
[EventDate "2004.09.19"]
[EventType "swiss"]
[EventRounds "9"]
[EventCountry "ISR"]
[SourceTitle "CBM 102 Extra"]
[Source "ChessBase"]
[SourceDate "2004.11.03"]
[SourceVersion "1"]
[SourceVersionDate "2004.11.03"]
[SourceQuality "1"]

1. d4 d5 2. c4 c6 3. Nc3 Nf6 4. e3 a6 5. Nf3 b5 6. b3 Bg4 7. Be2 (7. h3 $5 {
1/2-1/2 Paschall,W-Erenburg,S/FSGM September, Budapest HUN 2004/CBM 103
[Erenburg] (36)}) 7... e6 8. h3 Bh5 9. O-O {Nowadays very fashionable line.}
Bd6 {The main idea of this continuation is to complete the development as soon
as possible. This continuation is rare in comparison to} (9... Nbd7 {1/2-1/2
Krasenkow,M-Erenburg,S/21st Open, Reykjavik ISL 2004/CBM 100/[Erenburg] (37)})
10. Bb2 O-O 11. Ne5 Bxe2 12. Nxe2 Nfd7 {Black has to drive away the knight
from excelent position e5.} 13. Rc1 {Logical decision. The file "c" is going
to be the only open file, so white tries to get control over it...} (13. Nf4
Qe7 14. cxd5 cxd5 15. Rc1 Nxe5 16. dxe5 Ba3 17. Bxa3 Qxa3 18. Qg4 Qb2 19. Nxe6
fxe6 20. Qxe6+ Kh8 21. Rc8 Nd7 22. Rxa8 Rxa8 23. Qxd7 Qxe5 24. Rd1 {1-0 Bandza,
A-Hinterberger,W/Aschach 1994/EXT 97 (24)}) 13... Bxe5 {Black tried also} (
13... dxc4 14. Nxd7 Nxd7 15. bxc4 Nf6 16. Qc2 Qe7 17. c5 Bc7 18. f4 $6 Nd5 19.
Rf3 f5 $15 {0-1 Bagaturov,G-Burmakin,V/Ubeda 1999/CBM 68 ext (40)}) 14. dxe5
dxc4 {Black's idea is to take control over the c4 square, occupying it with
the knight.} ({Black succeeded to equalize after} 14... bxc4 15. bxc4 Nb6 16.
cxd5 cxd5 17. Nf4 Qg5 18. Rc7 N8d7 19. Bd4 Rfc8 20. Rb7 Rcb8 21. Rc7 Rc8 22.
Rb7 Rcb8 23. Rc7 Rc8 24. Rb7 {1/2-1/2 Riazantsev,A-Bryzgalin,K/Vladimir 2002/
CBM 87 ext (24)}) 15. Ng3 $146 {[%mdl 512] White has a development advantage
as well as space advantage, therefore he has some chances for successful
sacrifice. This pawn sacrifice is novelty. In previous game white continued} (
15. bxc4 Nb6 {1/2-1/2 Pedersen,N-Postny,E/Budapest 2003/CBM 95 ext/[Postny] 
(29)}) (15. Nf4 {comes to consideration.}) 15... Qh4 $1 {In my opinion, very
strong move. Black prevents from white to play f2-f4, thus he disturbs white
to develop the initative on the kingside.} 16. Kh2 {preparing to carry out
f2-f4.} ({In case of} 16. Qf3 $5 {[%cal Yf3a8,Yf1d1,Yd1d4] I planned to react
with} Qg5 $1 {[%cal Yd7e5,Gg5e5]} 17. Ne4 Qf5 $132 {and black's chances aren't
worse.}) (16. bxc4 Nb6 $1 {[%cal Yb6c4,Yb6d5,Gb5c4]}) 16... Rd8 {threatening
with the capture on e5.} 17. Qe2 (17. Qd6 Nf8 18. Qc7 cxb3 19. axb3 Rd7 $15 {
[%cal Yh4d8]}) 17... cxb3 18. f4 $1 {[%mdl 512] Leonid knows, that he hasn't
time to take that pawn. He has to get something concrete on the kingside
immediately!} ({After} 18. axb3 c5 {black is going to get his forces into the
game with following Nc6.}) 18... bxa2 19. f5 $44 {Currently black is three
pawns up! But, his pieces are absolutely out of the game, and white's pieces
are really near to black monarch. It is extremely difficult to analize this
position, as Fritz all the time evaluates the position as absolutely winning
for black...} Nf8 {I felt, that I need this knight as the defender near to my
king.} ({Deserves attention:} 19... Nb6 20. Rf4 Qh6 21. f6 Nc4 22. Bc3 g6 $13)
20. Nh5 $1 {White's threat is the following maneouvre: Rf1-f4-g4.} g6 {In my
opinion, the only move. After} (20... exf5 {white's attack is very dangerous:}
21. Nxg7 $1 Kxg7 22. e6+ Kg8 (22... Kg6 23. e7 Qxe7 24. Rxf5 $40) 23. exf7+
Kxf7 24. Rxf5+ Ke6 25. Qf3 $40) 21. Nf6+ (21. fxg6 {improves the position of
black's knight.} Nxg6) 21... Kh8 {I wanted to leave the h6 square for the
queen.} 22. Rf4 Qh6 23. Ne4 {Interesting continuation. Maybe} (23. Ng4 {
was stronger:} Qg5 (23... Qg7 $2 24. f6 Qg8 25. Nh6 $18) 24. fxe6 fxe6 25. Rf7
$44 {and white's initiative seems very dangerous. For instance:} Kg8 26. Rcf1
h5 27. Nf6+ Kxf7 28. Ne4+ Qf5 29. Nd6+ Rxd6 30. exd6 $13) 23... gxf5 24. Nd6 $2
{Probably white missed next black's move... He should continue} (24. Rxf5 $1
Ra7 $13 (24... exf5 25. e6+ $44) (24... Qg7 25. Rcf1 exf5 26. e6 $36)) 24...
Ra7 $1 {After this move black succeeds to parry white's attack.} 25. g4 {
trying to open up the kingside.} (25. Bd4 Rad7 26. Qxa2 Kg8 $19) 25... Ng6 26.
Rd4 fxg4 $1 27. Rxg4 ({After} 27. Nxf7+ Rxf7 28. Rxd8+ Kg7 $19 {black is
winning.}) 27... Rad7 {Step by step black consolidates his forces.} 28. Rf1 f5
$1 29. Rgg1 {It seems like black absolutely parried white's attack. All
black's pieces are in the game, and his material advantage is very big. But,
at this moment black was already in time trouble, so the realization was very
difficult...} (29. exf6 {loses immediately:} Rxd6 30. f7+ e5 31. Rxg6 hxg6 32.
Bxe5+ Kh7 33. Bxd6 Rxd6 34. f8=Q Qxf8 35. Rxf8 a1=Q $19) 29... Kg8 $2 {Black
chose the worst location for his monarch- diagonal a2-g8.} ({Much better was} 
29... Rg7 $1 30. Rxf5 $141 exf5 31. Nxf5 Nf4 32. Nxh6 Nxe2 33. Nf7+ Kg8 $19)
30. Bd4 {White starts to take the pawns back!} c5 {seems very logical. Black
gives white another pawn in order to get into the game his queenside knight.}
31. Bxc5 Qg7 {threatening with the capture on e5.} (31... Nc6 $2 {is met by}
32. Qxa2 $14) 32. Bd4 Nc6 (32... f4 {is again met by} 33. Qxa2) 33. Qxa2 Nxd4
34. exd4 Rxd6 35. exd6 Rxd6 36. Rxf5 Qxd4 {After inaccurate play, black
remains with N and 3 pawns for the rook, that should be enough for victory...
But, the opponents were in time trouble, so the quality of the game becomes
really low...} 37. Rf2 {covering the second rank.} b4 $2 {missing simple way
to win.} (37... Qe5+ $1 38. Rg3 (38. Kh1 Rd3 39. Rh2 Qe4+ 40. Qg2 Qxg2+ 41.
Rgxg2 a5 $19) 38... Rd3 39. Rfg2 Qd6 $19) 38. Qe2 e5 $6 {opening the a2-g8
diagonal, that gives white tactical chances.} (38... a5 {was stronger.}) 39.
Qc2 e4 40. Qb3+ Qd5 $2 ({Black could play} 40... Kg7 41. Qf7+ Kh6 {and white
doesn't have any tactical resource here...}) 41. Qe3 $2 {Of course, better was
to take the pawn.} (41. Qxb4 $11) 41... Qe5+ 42. Kh1 Qe7 $2 {too passive.
Black needed to activate his pieces:} (42... Rd3 43. Qh6 Qd6 44. Rc2 Qe6 $19)
43. Rfg2 Qe6 $2 {Almost each move is mistake...} (43... Rd3 44. Qh6 Qg7 45. Qh5
a5 46. Qf5 Rf3 $19) 44. Rg3 Qf5 ({Better was} 44... Rd3 45. Qc5 Qd6 $17) 45.
Qa7 Qf8 46. Qb7 Re6 47. Qd5 Qd6 $4 {loses on the spot...} ({Necessary was} 
47... Qf6 $15) 48. Qb3 $4 {missing winnig continuation:} (48. Rxg6+ $1 hxg6 49.
Rxg6+ Kf7 50. Qxd6 $18) 48... Kg7 49. Qb2+ Rf6 50. h4 {threatening with h4-h5.}
Qd5 ({Better was} 50... Kh6 51. h5 Nf4 $19) 51. Rf1 e3+ 52. Kg1 Qe6 53. Rxf6 $2
({White could achieve very nice draw:} 53. h5 $1 e2 54. Re1 Qb6+ 55. Kh1 Qf2
56. Rxe2 $1 Qxg3 57. h6+ $1 Kf7 58. Re7+ $1 Kxe7 59. Qxf6+ $1 Kd7 60. Qc6+ Kd8
61. Qd7+ $11) 53... Qxf6 54. Qxf6+ Kxf6 55. Rxe3 a5 $1 {The connection of the
"a" and "b" pawns is much more important than the capture of h4 pawn.} 56. Kf1
{Of course, white needs the monarch to stop such dangerous pawns.} Nf4 $1 {
bringing the knight to queenside, thus helping the pawns to go forward. Also,
black disturbs white to bring the monarch to queenside.} 57. Re8 {White
decides to attack the pawns from behind.} (57. Ke1 $4 Ng2+ $19) 57... b3 58.
Rb8 a4 59. Rb4 (59. Ke1 {loses as well.} b2 60. Kd2 a3 61. Kc2 Ne2 $19) 59...
Nd5 $1 {Very nice work of knight!} 60. Rb7 (60. Rxa4 b2 $19) 60... Ne3+ $1 61.
Ke2 Nc2 {preparing the promotion of "a" pawn.} 62. Kd2 a3 63. Rxh7 {The only
chance.} (63. Rxb3 a2 64. Rb6+ Kf5 65. Ra6 a1=Q 66. Rxa1 Nxa1 67. Kc3 Kg4 $19)
63... a2 64. Ra7 b2 ({Of course not} 64... a1=Q $4 65. Rxa1 Nxa1 66. Kc3 $11)
65. Rxa2 b1=Q 66. Rxc2 Qb4+ {Now black needs to be careful... All of us
remember such games like Svidler-Gelfand, where Peter didn't succeed to win
with the queen against rook. The defence side can make some problems...} 67.
Rc3 Ke5 {Black doesn't hurry to take the pawn, but first, tries to improve his
position.} 68. Kc2 Kd4 69. Rd3+ Ke5 70. h5 Qc4+ 71. Kd2 Ke4 72. Re3+ Kd4 73.
Rg3 Qa2+ {Black succeeded to drive away white monarch from the 2-nd rank.} 74.
Ke1 Qh2 75. Rf3 Ke4 76. Rc3 Qxh5 {Now it is the right moment to take the pawn,
when the white monarch is cutted...} 77. Kd2 Qh2+ 78. Ke1 Qb2 {Step by step
black drives away the white's rook from the third rank.} 79. Rg3 Qc2 80. Kf1
Qd2 81. Rh3 Kf4 {Zugzwang.} 82. Kg1 (82. Ra3 Qc1+ $19) 82... Kg4 83. Rh2 Qe1+
84. Kg2 Qe2+ 85. Kg1 Qd1+ 86. Kf2 Qd4+ 87. Kf1 ({After} 87. Kg2 {black wins
easily as well:} Qe5 88. Kg1 Kg3 89. Rg2+ Kh3 $19) 87... Kg3 88. Rg2+ Kf3 {
winning the rook.} 0-1